| 000 | 00573nam a2200145Ia 4500 | ||
|---|---|---|---|
| 008 | 220530s9999 xx 000 0 und d | ||
| 041 | _aeng | ||
| 082 | _a621:050 | ||
| 100 |
_aISTE _958442 |
||
| 245 |
_aIndian Society for Technical Education & The Institute of Electronics and Telecommunication Engineers News Letters _bVolume 32 ( April 2012 to November 2013) & Volume 16 & 17( May 2014 to April 2015) |
||
| 260 |
_aNew Delhi _bISTE & IETE _c2012 |
||
| 300 |
_bHB _bVolume 32 Issue No.4 to 11 & Volume 16 & 17 Issue No.2 to 3 & 1 |
||
| 700 |
_a IETE _958443 |
||
| 906 | _a0 | ||
| 999 |
_c52599 _d52599 |
||